00507cam a22001217a 4500008004000000082001800040100002600058245015200084260003400236300001000270650004500280700006000325180718b1953 xxu||||| |||| 00| 0 eng d aF8x79494 C128 aO'Rourke, Lawrence W. aVoting behavior in the forty-five cities of Los Angeles countycby Lawrence W. O'Rourke and California. University. Bureau of Governmental Research aLos AngelesbThe Bureauc1953 a107p. aVoting --California --Los Angeles County aCalifornia. University. Bureau of Governmental Research